<?xml version="1.0" encoding="UTF-8"?>
<record
    xmlns:xsi="http://www.w3.org/2001/XMLSchema-instance"
    xsi:schemaLocation="http://www.loc.gov/MARC21/slim http://www.loc.gov/standards/marcxml/schema/MARC21slim.xsd"
    xmlns="http://www.loc.gov/MARC21/slim">

  <leader>00679nam a2200217 i 4500</leader>
  <controlfield tag="001">C00006132c</controlfield>
  <controlfield tag="005">20241029142704.0</controlfield>
  <controlfield tag="008">940608s1973    sp            0011  bal d</controlfield>
  <datafield tag="020" ind1=" " ind2=" ">
    <subfield code="a">84-273-0341-6</subfield>
  </datafield>
  <datafield tag="080" ind1=" " ind2=" ">
    <subfield code="a">364(467.51)"17"</subfield>
  </datafield>
  <datafield tag="100" ind1="1" ind2=" ">
    <subfield code="a">Riera Monserrat, Francesc.</subfield>
    <subfield code="9">2939</subfield>
  </datafield>
  <datafield tag="245" ind1="1" ind2="0">
    <subfield code="a">Lluites antixuetes en el segle XVIII / </subfield>
    <subfield code="c">Francesc Riera Montserrat; pr&#xF3;leg de Josep M&#xE9;lia.</subfield>
  </datafield>
  <datafield tag="260" ind1=" " ind2=" ">
    <subfield code="a">Mallorca : </subfield>
    <subfield code="b">Moll, </subfield>
    <subfield code="c">1973.</subfield>
  </datafield>
  <datafield tag="300" ind1=" " ind2=" ">
    <subfield code="a">207 p. ; </subfield>
    <subfield code="c">24 cm.</subfield>
  </datafield>
  <datafield tag="490" ind1="0" ind2=" ">
    <subfield code="a">Els treballs i els dies ; </subfield>
    <subfield code="v">9</subfield>
  </datafield>
  <datafield tag="650" ind1=" " ind2="4">
    <subfield code="a">Problemas Sociales-</subfield>
    <subfield code="z">Espa&#xF1;a-</subfield>
    <subfield code="z">Mallorca-</subfield>
    <subfield code="y">S. XVIII.</subfield>
    <subfield code="9">80142</subfield>
  </datafield>
  <datafield tag="700" ind1="1" ind2=" ">
    <subfield code="a">Meli&#xE1;, Josep.</subfield>
    <subfield code="9">17833</subfield>
  </datafield>
  <datafield tag="852" ind1=" " ind2=" ">
    <subfield code="j">E-3257</subfield>
  </datafield>
  <datafield tag="952" ind1=" " ind2=" ">
    <subfield code="0">0</subfield>
    <subfield code="1">0</subfield>
    <subfield code="4">0</subfield>
    <subfield code="7">0</subfield>
    <subfield code="8">NOR</subfield>
    <subfield code="a">RABASF</subfield>
    <subfield code="b">RABASF</subfield>
    <subfield code="c">DP1</subfield>
    <subfield code="d">1994-06-09</subfield>
    <subfield code="l">0</subfield>
    <subfield code="o">E-3257</subfield>
    <subfield code="p">1006704</subfield>
    <subfield code="r">2024-10-15 09:05:03</subfield>
    <subfield code="w">2024-10-15</subfield>
    <subfield code="y">FONDOMODER</subfield>
  </datafield>
  <datafield tag="999" ind1=" " ind2=" ">
    <subfield code="c">6053</subfield>
    <subfield code="d">6053</subfield>
  </datafield>
</record>
